000 00815nam a2200253Ia 4500
003 OSt
005 20220923224011.0
006 a|||||r|||| 00| 0
007 ta
008 220922b |||||||| |||| 00| 0 hin d
024 _a223,999
037 _cTextual
040 _aARTS
_cARTS
_bhin
041 _2hin
_ahin
082 _aO152,1J03:g, P4
100 _aतिवारी, मंजु
245 0 _aहिन्दी गीतिकाव्य और मीरां
246 _aHindī gītikāvya aur mīrāan
260 _aदिल्ली
_b राधाकृष्ण
_c2004
300 _a307पृ.
_ccm.
650 _aहिन्दी साहित्य
_9156264
942 _hO152,1J03:g, P4
_cTEXL
_2CC
999 _c368630
_d368630